Politická dimenzia občianskej spoločnosti

Dominantné fragmenty historického vývoja občianskej spoločnosti, ktoré sa podpísali pod jej súčasnú podobu. Východiská a možnosti riešenia aktuálneho stavu modernizačných procesov vo verejnej sfére v kontexte nazerania na e-participáciu ako na jeden z možných nástrojov sociálnej zmeny.

Guardado en:
Detalles Bibliográficos
Autor principal: Džatková, Veronika
Formato: Capítulo de libro
Lenguaje:eslovaco
Materias:
Etiquetas: Agregar Etiqueta
Sin Etiquetas, Sea el primero en etiquetar este registro!

MARC

LEADER 00000naa a2200000 4500
001 0246032
005 20180625131327.5
041 0 |a slo 
044 |a SK 
245 1 0 |a Politická dimenzia občianskej spoločnosti  |c Veronika Džatková 
520 |a Dominantné fragmenty historického vývoja občianskej spoločnosti, ktoré sa podpísali pod jej súčasnú podobu. Východiská a možnosti riešenia aktuálneho stavu modernizačných procesov vo verejnej sfére v kontexte nazerania na e-participáciu ako na jeden z možných nástrojov sociálnej zmeny. 
610 2 0 |a spoločnosť občianska 
610 2 0 |a záujmy verejné 
610 2 0 |a demokratizácia 
610 2 0 |a sociológia 
610 2 0 |a politológia 
100 1 |a Džatková, Veronika